000 00803nam a2200253Ia 4500
003 OSt
005 20220927105029.0
006 a|||||r|||| 00| 0
007 ta
008 220926b |||||||| |||| 00| 0 eng d
024 _a187337
037 _cReference Collections
040 _aRTL
_cRTL
_beng
041 _2eng
_aeng
082 _a"HZ.N49r, H9"
110 _aHYDERABAD (Government of-)
_9369686
245 0 _aAnnual Administration report of the department of mines and geological survey 1356 and 1357 fasli (1946-47 and 1947-48)
260 _aHyderabad
_bGovt. of Hyderabad
_c1949
300 _a"iv, 60 p"
_ccm.
500 _aAppendix:: 44-60 P
700 _aHYDERABAD (Government of-)
_9369687
942 _h"HZ.N49r, H9"
_cCC
999 _c690356
_d690356